Statistics for Countries in 1990

Click here to take the quiz!

General Stats

  • This quiz has been taken 27 times
    (26 since last reset)
  • The average score is 80 of 171

Answer Stats

Country% Correct
China, Peoples Republic of
75%
China, Republic of
75%
Denmark
75%
East Germany
75%
Poland
75%
Soviet Union
75%
United Kingdom
75%
United States
75%
Argentina
67%
Australia
67%
Brazil
67%
Canada
67%
Cuba
67%
Finland
67%
France
67%
Iceland
67%
Ireland
67%
New Zealand
67%
Portugal
67%
Andorra
58%
Angola
58%
Antigua and Barbuda
58%
Austria
58%
Barbados
58%
Ecuador
58%
Egypt
58%
Fiji
58%
Japan
58%
Mexico
58%
Netherlands
58%
Norway
58%
Pakistan
58%
Panama
58%
Peru
58%
Philippines
58%
Spain
58%
Sweden
58%
West Germany
58%
Afghanistan
50%
Algeria
50%
Bahamas
50%
Bangladesh
50%
Belgium
50%
Belize
50%
Botswana
50%
Bulgaria
50%
Cape Verde
50%
Chad
50%
Chile
50%
Congo
50%
Costa Rica
50%
Czechoslovakia
50%
Djibouti
50%
Dominica
50%
Dominican Republic
50%
El Salvador
50%
Ethiopia
50%
Grenada
50%
Guatemala
50%
Guyana
50%
Haiti
50%
Honduras
50%
India
50%
Iran
50%
Iraq
50%
Israel
50%
Italy
50%
Jamaica
50%
Kenya
50%
Kiribati
50%
Kuwait
50%
Lesotho
50%
Libya
50%
Madagascar
50%
Mali
50%
Nicaragua
50%
North Korea
50%
Oman
50%
Romania
50%
Saint Lucia
50%
Somalia
50%
South Africa
50%
Turkey
50%
Zimbabwe
50%
Albania
42%
Bahrain
42%
Bhutan
42%
Bolivia
42%
Burma
42%
Burundi
42%
Cambodia
42%
Cameroon
42%
Colombia
42%
Comoros
42%
Equatorial Guinea
42%
Gambia
42%
Greece
42%
Guinea
42%
Hungary
42%
Indonesia
42%
Laos
42%
Lebanon
42%
Liberia
42%
Liechtenstein
42%
Luxembourg
42%
Maldives
42%
Malta
42%
Marshall Islands
42%
Mauritius
42%
Monaco
42%
Mongolia
42%
Morocco
42%
Mozambique
42%
Nauru
42%
North Yemen
42%
Papua New Guinea
42%
Paraguay
42%
Rwanda
42%
Saint Kitts and Nevis
42%
Saint Vincent and the Grenadines
42%
Senegal
42%
Sierra Leone
42%
Solomon Islands
42%
South Korea
42%
South Yemen
42%
Sudan
42%
Suriname
42%
Swaziland
42%
Tanzania
42%
Tonga
42%
Trinidad and Tobago
42%
Tunisia
42%
Vatican City
42%
Venezuela
42%
Yugoslavia
42%
Zambia
42%
Benin
33%
Brunei
33%
Burkina Faso
33%
Central African Republic
33%
Cyprus
33%
Gabon
33%
Ghana
33%
Guinea Bissau
33%
Ivory Coast
33%
Jordan
33%
Mauritania
33%
Nepal
33%
Niger
33%
Nigeria
33%
Qatar
33%
San Marino
33%
Sao Tome and Principe
33%
Saudi Arabia
33%
Seychelles
33%
Singapore
33%
Sri Lanka
33%
Switzerland
33%
Syria
33%
Tuvalu
33%
Uganda
33%
United Arab Emirates
33%
Uruguay
33%
Vietnam
33%
Malawi
25%
Malaysia
25%
Thailand
25%
Togo
25%
Vanuatu
25%
Zaire
25%
Western Samoa
0%

Score Distribution

Percentile by Number Answered

Percent of People with Each Score

Your Score History

You have not taken this quiz since the last reset